[Event "Petersburg Summer Rapid 2013"]
[Site "St Petersburg RUS"]
[Date "2013.09.01"]
[Round "9.10"]
[White "Bukavshin,I"]
[Black "Kabanov,N"]
[Result "1-0"]
[WhiteElo "2539"]
[BlackElo "2475"]

1.d4 Nf6 2.Nf3 g6 3.c4 Bg7 4.Nc3 O-O 5.e4 d6 6.Be2 e5 7.O-O Nc6 8.d5 Ne7
9.Qc2 Kh8 10.Rd1 a5 11.c5 dxc5 12.Nxe5 Nd7 13.Nxd7 Bxd7 14.Bf4 f5 15.d6 cxd6
16.Bxd6 fxe4 17.Qxe4 Re8 18.Bxc5 Nc6 19.Qf3 Qc8 20.Nb5 Ne5 21.Qa3 Bxb5 22.Bxb5 Nc6
23.Rac1 Qe6 24.Be3 Rac8 25.b3 Qe5 26.Qa4 Qb2 27.g3 Rf8 28.Bxc6 bxc6 29.Qxa5 Ra8
30.Qb4 Qxa2 31.Rd7 Qa5 32.Qxa5 Rxa5 33.Rxc6  1-0

[Event "ch-POR 2013"]
[Site "Lisbon POR"]
[Date "2013.09.02"]
[Round "1.4"]
[White "Silva,Luis"]
[Black "Diogo,V"]
[Result "0-1"]
[WhiteElo "2281"]
[BlackElo "2276"]

1.d4 Nf6 2.Nf3 g6 3.c4 Bg7 4.Nc3 d6 5.e4 O-O 6.Be2 e5 7.O-O Nc6 8.d5 Ne7
9.b4 a5 10.Ba3 axb4 11.Bxb4 Nd7 12.Nd2 f5 13.Re1 Rf7 14.a4 Bf8 15.Bf1 f4
16.Be2 Nf6 17.c5 g5 18.cxd6 cxd6 19.Nc4 Ng6 20.Nb5 Ra6 21.f3 g4 22.a5 gxf3
23.Bxf3 Nh4 24.Kh1 Rg7 25.Rg1 Bg4 26.Be1 Nxf3 27.gxf3 Bh5 28.Rxg7+ Bxg7 29.Qe2 Nxd5
30.Rd1 Ne3 31.Rxd6 Qc8 32.Nxe3 fxe3 33.Kg2 Qc5 34.Qd3 Qc1 35.Qd1 Qb2+ 36.Kg1 Qxb5
37.Rd8+ Bf8 38.Qc1 Rc6 39.Qa3 Rg6+ 40.Bg3 Qb1+ 41.Kg2 Rf6 42.Qxe3 Bxf3+ 43.Kh3 Bg2+
44.Kh4 Qxe4+ 45.Qxe4 Bxe4 46.Bxe5 Rg6 47.Bc3 Kf7 48.Rd7+ Be7+  0-1

[Event "TCh-ROU 2013"]
[Site "Mamaia ROU"]
[Date "2013.09.03"]
[Round "4.5"]
[White "Ungureanu,V"]
[Black "Nevednichy,V"]
[Result "0-1"]
[WhiteElo "2374"]
[BlackElo "2573"]

1.d4 d6 2.Nf3 Nf6 3.c4 g6 4.Nc3 Bg7 5.e4 O-O 6.Be2 e5 7.O-O Nc6 8.d5 Ne7
9.b4 Nh5 10.Re1 c6 11.Qb3 Nf4 12.Bf1 Bg4 13.Nd2 Kh8 14.Nf3 Kg8 15.Nd2 Kh8
16.a4 Bc8 17.a5 g5 18.Ba3 g4 19.Rad1 b6 20.c5 cxd5 21.Nxd5 Be6 22.Nc4 Nexd5
23.exd5 Nxd5 24.Nxd6 bxc5 25.Nb7 Nxb4 26.Bc4 Qc7 27.Nxc5 Qxc5 28.Bxe6 fxe6
29.Bxb4 Qxf2+ 30.Kh1 Rf6 31.Qc4 Rg8 32.Rf1 Rf4 33.Qa6 Qc2 34.Bd6 Rxf1+ 35.Rxf1 e4
36.Qxa7 Qd3  0-1

[Event "Satka Autumn 2013"]
[Site "Satka RUS"]
[Date "2013.09.06"]
[Round "4"]
[White "Ubiennykh,E"]
[Black "Bodnaruk,A"]
[Result "0-1"]
[WhiteElo "2343"]
[BlackElo "2462"]

1.d4 Nf6 2.c4 g6 3.Nc3 Bg7 4.e4 d6 5.Nf3 O-O 6.Be2 e5 7.O-O Nc6 8.d5 Ne7
9.Ne1 Nd7 10.f3 f5 11.g4 Nf6 12.Nd3 c6 13.Be3 Kh8 14.Kg2 b5 15.c5 cxd5 16.cxd6 Qxd6
17.Bc5 Qe6 18.Qb3 fxg4 19.fxg4 Nxg4 20.Rxf8+ Bxf8 21.Rf1 Nf6 22.Nxd5 Nexd5
23.exd5 Bb7 24.Bf3 Nxd5 25.Kg3 e4 26.Bg4 Bd6+ 27.Kh3 Qe7 28.Bd4+ Kg8 29.Rf6 exd3
30.Be6+ Qxe6+ 31.Rxe6 Nf4+ 32.Kh4 Bd5 33.Qxb5 g5+ 34.Kxg5 Nxe6+ 35.Kh4 Be7+
36.Kg3 Rd8 37.Bc3 Nc5 38.Ba5 Bd6+ 39.Kh4 Rb8  0-1

[Event "FSGM Sept 2013"]
[Site "Budapest HUN"]
[Date "2013.09.07"]
[Round "1.2"]
[White "Andersen,Mad"]
[Black "Szabo,Krisz1"]
[Result "0-1"]
[WhiteElo "2479"]
[BlackElo "2561"]

1.d4 Nf6 2.c4 g6 3.Nc3 Bg7 4.e4 d6 5.Nf3 O-O 6.Be2 e5 7.O-O Nc6 8.d5 Ne7
9.Ne1 Ne8 10.Be3 f5 11.f3 f4 12.Bf2 h5 13.c5 g5 14.Rc1 Ng6 15.cxd6 cxd6 16.Nb5 a6
17.Na3 b5 18.Nac2 Nf6 19.Nb4 g4 20.Nc6 Qe8 21.Kh1 g3 22.Bg1 gxh2 23.Bf2 h4
24.Nd3 Nh5 25.Kxh2 Ng3 26.Rg1 Rf7 27.Bb6 Bf6 28.Nf2 h3 29.gxh3 Rb7 30.Ba5 Rh7
31.Bf1 Bh4 32.Bg2 Nf5 33.exf5 Bxf2 34.fxg6 Qxg6 35.Qf1 Qg3+ 36.Kh1 Kf8 37.Nxe5 Bxh3
38.Ng6+ Ke8  0-1

[Event "Svenska Cup 2013"]
[Site "Linkoping SWE"]
[Date "2013.09.07"]
[Round "3.5"]
[White "Kockum,A"]
[Black "Fransson,Percy"]
[Result "0-1"]
[WhiteElo "2354"]
[BlackElo "2182"]

1.d4 Nf6 2.c4 g6 3.Nc3 Bg7 4.e4 d6 5.Be2 O-O 6.Nf3 e5 7.O-O Nc6 8.d5 Ne7
9.Ne1 Nd7 10.Nd3 f5 11.Bd2 Nf6 12.f3 f4 13.g4 g5 14.c5 Rf7 15.Be1 Ng6 16.cxd6 cxd6
17.Bf2 Bf8 18.h3 h5 19.Kg2 Rh7 20.Rh1 Bd7 21.a4 a6 22.a5 Be7 23.Na4 Bb5 24.Nb6 Rb8
25.Nb4 Qe8 26.Qf1 Bxe2 27.Qxe2 Nd7 28.Rac1 Bd8 29.Nc4 Qe7 30.Qd1 Bc7 31.Qb3 Nh4+
32.Bxh4 Nc5 33.Qc2 gxh4 34.Rhf1 hxg4 35.fxg4 Rf8 36.Rf3 Bd8 37.Qe2 Rg7 38.Nd3 Nb3
39.Qf2 Nxc1 40.Nxc1 Qd7 41.b3 Rg6 42.Nd3 Qb5 43.Qa2 Kh8 44.Qa3 Rff6 45.Ne1 Qd7
46.Kh2 Rf7 47.Qb2 Rfg7 48.Qf2 Rh7 49.Rc3 Bc7 50.Nf3 Qd8 51.b4 Bb8 52.Qb2 Ba7
53.Rc2 Kg8 54.Qc1 Rc7 55.Nb2 Rgg7 56.Nc4 Rc8 57.Nfd2 Rgc7 58.Qf1 Be3 59.Nxe3 Rxc2
60.Nxc2 Rxc2 61.Qd3 Qc7 62.Kg1 Rc3 63.Qe2 Rg3+ 64.Kf2 Qc3 65.Nf1 Rxh3 66.g5 Qd4+
67.Kg2 f3+  0-1

[Event "TCh-SUI 2013"]
[Site "Switzerland SUI"]
[Date "2013.09.08"]
[Round "7.1"]
[White "Pelletier,Y"]
[Black "Gerber,R"]
[Result "1/2-1/2"]
[WhiteElo "2574"]
[BlackElo "2416"]

1.Nf3 g6 2.d4 Bg7 3.c4 Nf6 4.Nc3 O-O 5.e4 d6 6.Be2 e5 7.O-O Nc6 8.d5 Ne7
9.b4 Nh5 10.Re1 a5 11.bxa5 Rxa5 12.a4 f5 13.Nd2 Nf6 14.Ba3 b6 15.Bd3 Ra8
16.Nb5 fxe4 17.Nxe4 Nxe4 18.Bxe4 Nf5 19.Bb2 Bd7 20.Bc3 Rf7 21.Qd2 Bxb5 22.cxb5 Bh6
23.Qd3 Qf6 24.Ra2 Raf8 25.g3 Bg7 26.Rae2 Qg5 27.Bg2 Ra8 28.Re4 Raf8 29.h4 Qd8
30.R1e2 Kh8 31.Bb2 Bf6 32.Qd2 Rg7 33.Bh3 Qa8 34.Kh2 Nd4 35.Bxd4 exd4 36.Qa2 Qa5
37.Qc4 Qc3 38.Rc2 Qa3 39.Ra2 Qc3 40.Rc2 Qa3 41.Ra2 Qc3  1/2-1/2

[Event "FSGM Sept 2013"]
[Site "Budapest HUN"]
[Date "2013.09.10"]
[Round "3.3"]
[White "Kislik,E"]
[Black "Szabo,Krisz1"]
[Result "0-1"]
[WhiteElo "2368"]
[BlackElo "2561"]

1.d4 Nf6 2.c4 g6 3.Nc3 Bg7 4.e4 d6 5.Nf3 O-O 6.Be2 e5 7.O-O Nc6 8.d5 Ne7
9.Ne1 Ne8 10.Be3 f5 11.f3 f4 12.Bf2 h5 13.c5 g5 14.a4 Ng6 15.a5 Bh6 16.Nb5 a6
17.Na3 Rf7 18.Nc4 Rg7 19.Nd3 g4 20.fxg4 Qg5 21.g3 hxg4 22.cxd6 Nxd6 23.Nc5 Qh5
24.Nxd6 cxd6 25.Ne6 Bxe6 26.dxe6 f3 27.Bb6 fxe2 28.Qxe2 Nf4 29.gxf4 exf4
30.Rad1 f3 31.Qf2 g3 32.hxg3 Bf4 33.Rd5 Qh3  0-1

[Event "84th ch-GER 2013"]
[Site "Saarbruecken GER"]
[Date "2013.09.13"]
[Round "8.7"]
[White "Kraemer,Mart"]
[Black "Schleining,Z"]
[Result "1-0"]
[WhiteElo "2542"]
[BlackElo "2377"]

1.d4 Nf6 2.c4 g6 3.Nc3 Bg7 4.e4 O-O 5.Nf3 d6 6.Be2 e5 7.O-O Nc6 8.d5 Ne7
9.Ne1 Ne8 10.Be3 f5 11.f3 f4 12.Bf2 c5 13.Nd3 h5 14.b4 b6 15.Rb1 Bf6 16.bxc5 bxc5
17.Qa4 g5 18.Rb2 Kh8 19.Rfb1 Bd7 20.Qa6 Bc8 21.Qa4 Bd7 22.Qa6 Bc8 23.Qa3 g4
24.Rb8 Rxb8 25.Rxb8 Qc7 26.Ra8 a6 27.Qb3 Rg8 28.Kh1 g3 29.Be1 gxh2 30.Qb8 Qa5
31.Ra7 Qd8 32.Bf1 Ng6 33.Na4 Bh4 34.Bc3 Nf6 35.Nb6 Ne7 36.Qc7 Qxc7 37.Rxc7 Re8
38.Nxe5 dxe5 39.d6 Ng6 40.Nxc8 Bg3 41.Rxc5 Rd8 42.Ba5 Rg8 43.Rc7 Nf8 44.Ne7 Rg7
45.Nf5 Rg6 46.Rc8 Nd7 47.c5  1-0

[Event "Lake Sevan 2013"]
[Site "Martuni ARM"]
[Date "2013.09.14"]
[Round "7.3"]
[White "Grigoryan,Av"]
[Black "Andriasian,Z"]
[Result "1/2-1/2"]
[WhiteElo "2580"]
[BlackElo "2631"]

1.d4 Nf6 2.c4 g6 3.Nc3 Bg7 4.e4 d6 5.Nf3 O-O 6.Be2 e5 7.O-O Nc6 8.d5 Ne7
9.Ne1 Nd7 10.Nd3 f5 11.Bd2 Nf6 12.f3 f4 13.c5 g5 14.cxd6 cxd6 15.Nf2 Rf7
16.Qc2 Ng6 17.Rfc1 a6 18.a4 h5 19.h3 Bf8 20.a5 g4 21.fxg4 hxg4 22.hxg4 b5
23.axb6 Qxb6 24.Na4 Qa7 25.Ba5 Rb7 26.g5 Nh7 27.Bh5 Nh4 28.Qd1 Nxg5 29.Rxc8 Rxc8
30.Qg4 Nf3+ 31.gxf3 Rg7 32.Kf1 Rc2 33.Bb6 Qb7 34.Qf5 Rc4 35.Ng4 Rxa4 36.Rxa4 Qxb6
37.Nh6+ Kh8 38.Qxf8+ Kh7 39.Ng4 Qb5+ 40.Ke1 Qxa4 41.Qf5+ Kh8 42.Qf8+ Kh7
43.Qf5+ Kh8  1/2-1/2

[Event "TCh-CRO 2a Liga 2013"]
[Site "Bol CRO"]
[Date "2013.09.17"]
[Round "4.3"]
[White "Martic,Z"]
[Black "Ivic,Mat"]
[Result "0-1"]
[WhiteElo "2306"]
[BlackElo "2298"]

1.d4 Nf6 2.c4 g6 3.Nc3 Bg7 4.e4 d6 5.Nf3 O-O 6.Be2 e5 7.O-O Nc6 8.d5 Ne7
9.Ne1 Nd7 10.Nd3 f5 11.Bd2 Nf6 12.f3 f4 13.Rc1 g5 14.c5 Ng6 15.Nb5 a6 16.Na3 g4
17.cxd6 cxd6 18.Nc4 g3 19.h3 Bxh3 20.gxh3 Qd7 21.Nf2 gxf2+ 22.Rxf2 Rac8 23.Bb4 a5
24.Nxa5 Rxc1 25.Qxc1 Rc8 26.Qd2 Nh4 27.Bf1 Kh8 28.Nc4 Rg8 29.Kh1 Bf8 30.Bg2 Nh5
31.Nxe5 dxe5 32.Bxf8 Rxg2  0-1

[Event "1st League Cent-SRB 2013"]
[Site "Kragujevac SRB"]
[Date "2013.09.19"]
[Round "8.2"]
[White "Jevtic,Sa"]
[Black "Milenkovic,Ml"]
[Result "1/2-1/2"]
[WhiteElo "2285"]
[BlackElo "2381"]

1.d4 Nf6 2.c4 g6 3.Nc3 Bg7 4.Nf3 O-O 5.e4 d6 6.Be2 e5 7.O-O Nc6 8.d5 Ne7
9.b4 a5 10.Ba3 axb4 11.Bxb4  1/2-1/2

[Event "Baku Open 2013"]
[Site "Baku AZE"]
[Date "2013.09.21"]
[Round "3.1"]
[White "Khismatullin,D"]
[Black "Mamedov,Nid"]
[Result "0-1"]
[WhiteElo "2661"]
[BlackElo "2609"]

1.d4 Nf6 2.c4 g6 3.Nc3 Bg7 4.e4 d6 5.Nf3 O-O 6.Be2 e5 7.O-O Nc6 8.d5 Ne7
9.b4 a5 10.Ba3 axb4 11.Bxb4 Nd7 12.a4 Bh6 13.a5 f5 14.Bd3 Nf6 15.c5 fxe4
16.cxd6 cxd6 17.Nxe4 Nxe4 18.Bxe4 Bf5 19.Re1 Qd7 20.Rb1 Rfc8 21.Qd3 Ra6 22.h3 b5
23.Nd2 Bxd2 24.Qxd2 Rc4 25.f3 Rd4 26.Qa2 Bxe4 27.fxe4 Kg7 28.Qf2 Ng8 29.Re3 Qa7
30.Rf3 Nh6 31.Kh2 Rxe4 32.Qf1 Nf5 33.Rxf5 gxf5 34.Qxf5 Rf4 35.Qg5+ Kf7 36.Qh5+ Kg8
37.Rb3 Qf7 38.Rg3+ Kh8 39.Qg5 Qf8 40.Bd2 Rf6 41.Qe3 Qf7 42.Qe2 Qb7 43.Rb3 Qxd5
44.Rxb5 Qa8 45.Bg5 Rf8 46.Be7 Rf7 47.Qb2 Qe4 48.Rb8+ Kg7 49.Rb4 Qg6 50.Rg4 Rxe7
51.Rxg6+ hxg6 52.Qb5 Raa7 53.Qd5 e4 54.Qd4+ Kh7 55.Kg1 e3 56.Qh4+ Kg8 57.Kf1 e2+
58.Ke1 Rab7 59.Qc4+ Kg7 60.Qd3 Re5 61.a6 Rf7  0-1

[Event "Werder Bremen GM 2013"]
[Site "Bremen GER"]
[Date "2013.09.23"]
[Round "3.1"]
[White "Babula,V"]
[Black "Ohme,M"]
[Result "1-0"]
[WhiteElo "2571"]
[BlackElo "2350"]

1.d4 Nf6 2.c4 g6 3.Nc3 Bg7 4.e4 d6 5.Nf3 O-O 6.Be2 e5 7.O-O Nc6 8.d5 Ne7
9.b4 Nh5 10.g3 f5 11.Ng5 Nf6 12.Bf3 c6 13.Bg2 h6 14.Ne6 Bxe6 15.dxe6 fxe4
16.b5 d5 17.cxd5 cxd5 18.Ba3 Re8 19.Qb3 Nf5 20.e7 Nxe7 21.Nxe4 Nxe4 22.Bxe4 Kh7
23.Rfd1 Qb6 24.Bxe7 Rxe7 25.Rxd5 Rd8 26.Rxd8 Qxd8 27.Rd1 Qb6 28.h4 h5 29.Kg2 Qf6
30.Rd3 b6 31.Rf3 Qd6 32.Rc3 Qd4 33.Rc4 Qd7 34.Rc6 Qg4 35.Qd5 Rd7 36.Rxg6 Rxd5
37.Rxg4+ Kh8 38.Rxg7  1-0

[Event "Baku Open 2013"]
[Site "Baku AZE"]
[Date "2013.09.27"]
[Round "9.33"]
[White "Aliakbarov,A"]
[Black "Babaev,T"]
[Result "0-1"]
[WhiteElo "2232"]
[BlackElo "2397"]

1.d4 Nf6 2.c4 g6 3.Nc3 Bg7 4.e4 d6 5.Nf3 O-O 6.Be2 e5 7.O-O Nc6 8.d5 Ne7
9.Ne1 Nd7 10.Nd3 f5 11.Bd2 Kh8 12.Qc2 fxe4 13.Nxe4 Nf6 14.Nxf6 Bxf6 15.Bf3 Nf5
16.Bc3 Nh4 17.Be4 Bf5 18.Rae1 Bg7 19.f4 c6 20.Bxf5 Nxf5 21.fxe5 cxd5 22.cxd5 Qb6+
23.Qf2 Qb5 24.Nf4 Bxe5 25.Bxe5+ dxe5 26.Rxe5 Rf7 27.Rfe1 Raf8 28.d6 Qa6 29.Rd5 Qc6
30.Red1 Kg8 31.d7 Rd8 32.g4 Ne7 33.Rd6 Qc4 34.R6d4 Qxa2 35.Qd2 Nc6 36.Rd6 Qc4
37.Ne6 Ne5 38.Qe3 Qxg4+ 39.Kh1 Nc4 40.Qd4 Qf3+ 41.Kg1 Ne3  0-1

[Event "9th Highlands Open"]
[Site "Trebic CZE"]
[Date "2013.09.27"]
[Round "8"]
[White "Svizensky,Lubos"]
[Black "Jelinek,V"]
[Result "1/2-1/2"]
[WhiteElo "1902"]
[BlackElo "1993"]

1.d4 g6 2.c4 Bg7 3.Nc3 Nf6 4.e4 d6 5.Nf3 O-O 6.Be2 e5 7.O-O Nc6 8.d5 Ne7
9.Ne1 Ne8 10.Nd3 f5 11.Bd2 Nf6 12.f3 f4 13.c5 g5 14.Rc1 Ng6 15.Nb5  1/2-1/2

[Event "UKR-POL Academic Teams"]
[Site "Lviv UKR"]
[Date "2013.09.28"]
[Round "4"]
[White "Demidiukov,E"]
[Black "Wiewiora,E"]
[Result "0-1"]
[WhiteElo "2277"]
[BlackElo "2195"]

1.Nf3 Nf6 2.c4 g6 3.Nc3 Bg7 4.e4 d6 5.d4 O-O 6.Be2 e5 7.O-O Nc6 8.d5 Ne7
9.Nd2 Nd7 10.b4 f5 11.a4 Nf6 12.f3 f4 13.Ba3 g5 14.c5 Ng6 15.Nc4 Rf7 16.b5 Bf8
17.a5 dxc5 18.b6 axb6 19.axb6 cxb6 20.Qb3 Ra6 21.Rfb1 g4 22.Nxb6 gxf3 23.gxf3 Bh3
24.Kf2 Ng4+ 25.Ke1 Qh4+ 26.Kd2 Qf2 27.Nc4 Nxh2 28.Qd1 Nxf3+ 29.Kc1 Nd4  0-1

[Event "St Petersburg Rapid Cup 2013"]
[Site "St Petersburg RUS"]
[Date "2013.09.28"]
[Round "1.2"]
[White "Ivanov,Sergey1"]
[Black "Savinov,L"]
[Result "1-0"]
[WhiteElo "2556"]
[BlackElo "2171"]

1.d4 Nf6 2.c4 g6 3.Nc3 Bg7 4.e4 d6 5.Nf3 O-O 6.Be2 e5 7.O-O Nc6 8.d5 Ne7
9.b4 Ne8 10.c5 f5 11.Ng5 Nf6 12.f3 h6 13.Ne6 Bxe6 14.dxe6 Kh7 15.Bc4 Nc6
16.Ba3 Nd4 17.b5 Re8 18.cxd6 cxd6 19.Ne2 Rc8 20.Rc1 d5 21.exd5 Rxc4 22.Rxc4 Qxd5
23.Rc5 Qxa2 24.Nxd4 Qxa3 25.Nb3 Rxe6 26.Rc7 Rd6 27.Qc2 e4 28.fxe4 Nxe4 29.Rxb7 Qb4
30.Qc7 Qc3 31.Qxc3 Nxc3 32.g3 h5 33.Kg2 Kh6 34.Rc1 Rd3 35.Rc2 h4 36.Nc5 Re3
37.gxh4 Bd4 38.Nd7 f4 39.Rf2 g5 40.hxg5+ Kxg5 41.Nf8 Re8 42.Nh7+ Kh6 43.Rxf4 Ne2
44.Rh4+ Kg6 45.Rg4+ Kf5 46.Rg5+ Kf4 47.Rf7+ Ke3 48.h4 Re4 49.Rf3+ Kd2 50.h5 Nf4+
51.Kg3 Ne2+ 52.Kg2 Nf4+ 53.Kh2 Ke2 54.Kg3 Nd3 55.Nf6 Be5+ 56.Rxe5 Rxe5 57.h6 Rg5+
58.Ng4 Rxb5 59.Rf7 Rb8 60.Rxa7 Nc5 61.Re7+ Kd3 62.h7 Ne4+ 63.Kh4 Kd4 64.Kh5 Nd6
65.Kg6 Kd5 66.Nf6+ Kd4 67.Ng8  1-0

[Event "12th Forchheim Open A 2013"]
[Site "Forchheim GER"]
[Date "2013.09.29"]
[Round "4.19"]
[White "Reis,G"]
[Black "Otto,A"]
[Result "1/2-1/2"]
[WhiteElo "2210"]
[BlackElo "2066"]

1.Nf3 Nf6 2.c4 g6 3.Nc3 Bg7 4.e4 d6 5.d4 O-O 6.Be2 e5 7.O-O Nc6 8.d5 Ne7
9.Ne1 Nd7 10.Nd3 f5 11.Bd2 Nf6 12.f3 c5 13.a3 Bd7 14.b4 b6 15.Rb1 Qc7 16.Nf2 f4
17.bxc5 bxc5 18.Nb5 Bxb5 19.Rxb5 Nd7 20.Qa4 Nc8 21.Rfb1 Ncb6 22.Qc2 Rfb8
23.Nd1 a6 24.R5b3 Nc8 25.Rxb8 Rxb8 26.Rxb8 Nxb8 27.Qa4 Kf7 28.g3 g5 29.Bf1 Bf6
30.Ba5 Qb7 31.Bh3 Be7 32.Bg4 Kf8 33.Kg2 Bf6 34.Bf5 Ne7 35.Be6 h5 36.Nf2 Ng6
37.Qc2 Kg7 38.Qa4 Kf8 39.Qc2 Kg7 40.Nd3 Nf8 41.Bf5 Nfd7 42.Qb2 Qc8 43.Qb3 Bd8
44.Bxd8 Qxd8 45.Qb7 a5 46.a4 Kf6 47.Qb2  1/2-1/2

[Event "Oslo Int Open 2013"]
[Site "Oslo NOR"]
[Date "2013.09.29"]
[Round "4"]
[White "Lundin,J"]
[Black "Bentsen,O"]
[Result "1/2-1/2"]
[WhiteElo "2285"]
[BlackElo "2121"]

1.Nf3 g6 2.c4 Nf6 3.Nc3 Bg7 4.e4 d6 5.d4 O-O 6.Be2 e5 7.O-O Nc6 8.d5 Ne7
9.Bg5 Ne8 10.b4 f6 11.Bd2 f5 12.Ne1 Nf6 13.f3 f4 14.Nd3 g5 15.c5 Kh8 16.Rc1 Neg8
17.g4 h5 18.h3 Nh6 19.Nf2 Rf7 20.Qa4 hxg4 21.hxg4 Bf8 22.Kg2 dxc5 23.bxc5 Bxc5
24.Rh1 Rh7 25.Nd3 Bd6 26.Nb5 Bd7 27.Qc4 Qf8 28.Bb4 Nfxg4 29.fxg4 Bxg4 30.Nxe5 f3+
31.Bxf3 Bxf3+ 32.Nxf3 Bxb4 33.Qd4+ Kg8 34.Rxc7 Rxc7 35.Nxc7 Rc8 36.Rc1 Qe7
37.e5 Rxc7 38.Rxc7 Qxc7 39.Qxb4 g4 40.Nh2 Qxe5 41.Qc4 Qb2+ 42.Kg1  1/2-1/2

[Event "Oslo Int Open 2013"]
[Site "Oslo NOR"]
[Date "2013.09.29"]
[Round "6"]
[White "Kvisvik,B"]
[Black "Bentsen,O"]
[Result "1-0"]
[WhiteElo "2270"]
[BlackElo "2121"]

1.d4 g6 2.c4 Bg7 3.e4 d6 4.Nc3 Nf6 5.Nf3 O-O 6.Be2 e5 7.O-O Nc6 8.d5 Ne7
9.b4 Ne8 10.a4 f5 11.a5 Nf6 12.a6 b6 13.Ng5 h6 14.Ne6 Bxe6 15.dxe6 Nxe4 16.Nxe4 fxe4
17.Ra3 Rf6 18.Bg4 c6 19.Bb2 Nf5 20.b5 cxb5 21.Qd5 Kh7 22.cxb5 h5 23.Rh3 e3
24.Bxf5 Rxf5 25.Rxe3 Rc8 26.Ba3 Rf6 27.Bxd6 Rc5 28.e7 Qxe7 29.Bxc5 Qxc5 30.Qxc5 bxc5
31.Rxe5  1-0

[Event "Oslo Int Open 2013"]
[Site "Oslo NOR"]
[Date "2013.09.29"]
[Round "7"]
[White "Strand,H"]
[Black "Bentsen,O"]
[Result "1-0"]
[WhiteElo "2151"]
[BlackElo "2121"]

1.d4 Nf6 2.c4 g6 3.Nc3 Bg7 4.e4 d6 5.Nf3 O-O 6.Be2 e5 7.O-O Nc6 8.d5 Ne7
9.Ne1 Ne8 10.Nd3 f5 11.Bd2 Nf6 12.f3 f4 13.g4 fxg3 14.hxg3 c5 15.Kg2 Bd7
16.a4 a5 17.Rh1 h5 18.Be3 b6 19.Qd2 Kf7 20.f4 Ng4 21.Bxg4 Bxg4 22.fxe5 dxe5
23.Bh6 Kg8 24.Bxg7 Bf3+ 25.Kh2 Kxg7 26.Rhf1 h4 27.Qg5 hxg3+ 28.Qxg3 Nc6 29.Rxf3 Rxf3
30.Qxf3 Qg5 31.Qg3 Rh8+ 32.Kg2 Qd2+ 33.Nf2 Rh5 34.Rd1  1-0

[Event "Tatry Open 2013"]
[Site "Tatranske Zruby SVK"]
[Date "2013.09.29"]
[Round "1.22"]
[White "Michalicka,M"]
[Black "Kubik,M"]
[Result "0-1"]
[WhiteElo "2284"]
[BlackElo "2157"]

1.d4 Nf6 2.c4 g6 3.Nf3 Bg7 4.Nc3 O-O 5.e4 d6 6.Be2 e5 7.O-O Nc6 8.d5 Ne7
9.Ne1 Nd7 10.Be3 f5 11.f3 f4 12.Bf2 g5 13.Rc1 Ng6 14.c5 Nxc5 15.b4 Na6 16.Nb5 Rf7
17.a3 Bd7 18.Nxa7 Qb8 19.Nb5 Bf8 20.Nc3 Kh8 21.Bb5 Bxb5 22.Nxb5 c6 23.Nc3 Nc7
24.Qb3 Rg7 25.Bb6 h5 26.h3 Ne8 27.Bf2 Nf6 28.dxc6 bxc6 29.Qe6 Be7 30.Nc2 Nf8
31.Qf5 Ng8 32.h4 Nh6 33.Qh3 g4 34.fxg4 hxg4 35.Qd3 g3 36.Be1 Qb6+ 37.Kh1 Rg4
38.Ne3 Rxh4+ 39.Kg1 Ng4 40.Nd1 fxe3 41.Bxg3 e2+ 42.Nf2 exf1=Q+ 43.Rxf1 Qe3
44.Qd1 Qxg3  0-1

[Event "Lichtenrader Herbst 2013"]
[Site "Berlin GER"]
[Date "2013.10.01"]
[Round "4.17"]
[White "Shapiro,Y"]
[Black "Schoene,R"]
[Result "1/2-1/2"]
[WhiteElo "2109"]
[BlackElo "2345"]

1.Nf3 Nf6 2.c4 g6 3.Nc3 Bg7 4.d4 O-O 5.e4 d6 6.Be2 e5 7.O-O Nc6 8.d5 Ne7
9.Ne1 Nd7 10.Nd3 f5 11.f3 f4 12.Bd2 g5 13.b4 Nf6 14.c5 Ng6 15.Rc1 Rf7 16.cxd6 cxd6
17.Nf2 h5 18.h3 Bf8 19.Qc2 g4 20.fxg4 hxg4 21.hxg4 Ne8 22.Qd3 Be7 23.Ncd1 Rg7
24.Nh3 Bh4 25.Be1 Bxe1 26.Rxe1 Qh4 27.Ndf2 Nf6 28.Qf3 Nf8 29.g5 N6h7 30.Qh5 Qxh5
31.Bxh5 Bxh3 32.Nxh3 Nxg5 33.Nxg5 Rxg5 34.Bf3 Rg7 35.Rc3 Nh7 36.Rec1 Nf6
37.Rc7 Rf8 38.Kf2 Rxc7 39.Rxc7 Rf7 40.Rc8+ Kg7 41.Rc2 Rf8 42.Rc7+ Rf7  1/2-1/2

[Event "33rd Munich OIS Open 2013"]
[Site "Munich GER"]
[Date "2013.10.01"]
[Round "4.4"]
[White "Komljenovic,L"]
[Black "Jorczik,J"]
[Result "1/2-1/2"]
[WhiteElo "2228"]
[BlackElo "2405"]

1.Nf3 Nf6 2.c4 g6 3.Nc3 Bg7 4.e4 d6 5.d4 O-O 6.Be2 e5 7.O-O Nc6 8.d5 Ne7
9.Ne1 Nd7 10.Nd3 f5 11.Bd2 Nf6 12.f3 f4 13.c5 g5 14.Rc1 a6 15.a4 h5 16.h3 Rf7
17.a5 Rb8 18.b4 c6 19.cxd6 Qxd6 20.Nc5 Kh8 21.Bc4 g4 22.fxg4 hxg4 23.Bxf4 exf4
24.dxc6 Qxd1 25.Rcxd1 Rf8 26.c7 Ra8 27.Rxf4 Ng6 28.Rff1 gxh3 29.N3a4 Bg4
30.Nb6 Rae8 31.gxh3 Bxh3 32.Rf2 Ne5 33.Be6 Bxe6 34.Nxe6 Rxe6 35.Rd8 Rc6 36.Rxf8+ Bxf8
37.Rxf6 Rxc7 38.Rxf8+ Kg7 39.Rc8 Rxc8 40.Nxc8 Nc6 41.Nd6 Nxb4 42.Nxb7 Kf6
43.Kf2 Ke5 44.Ke3 Nc6 45.Kd3 Nb4+ 46.Kc4 Nc6  1/2-1/2

[Event "Tatry Open 2013"]
[Site "Tatranske Zruby SVK"]
[Date "2013.10.01"]
[Round "3.17"]
[White "Michalicka,M"]
[Black "Frindt,K"]
[Result "0-1"]
[WhiteElo "2284"]
[BlackElo "2164"]

1.d4 Nf6 2.c4 d6 3.Nf3 g6 4.Nc3 Bg7 5.e4 O-O 6.Be2 e5 7.O-O Nc6 8.d5 Ne7
9.Ne1 Nd7 10.Be3 f5 11.f3 f4 12.Bf2 g5 13.Rc1 Ng6 14.c5 Nxc5 15.b4 Na6 16.Nb5 Bd7
17.a3 h5 18.Nxa7 Rf7 19.Bb5 Bh6 20.Qa4 g4 21.Bxd7 Rxd7 22.Kh1 g3 23.Bg1 gxh2
24.Bf2 Rg7 25.Rc4 Bg5 26.Qc2 Qd7 27.a4 h4 28.a5 h3 29.b5 Nc5 30.b6 cxb6 31.axb6 Bd8
32.Bxc5 dxc5 33.Rxc5 Nh4 34.gxh3 Rg1+ 35.Rxg1+ hxg1=Q+ 36.Kxg1 Bxb6 37.Kh2 Rxa7
38.Rc3 Qg7 39.Qf2 Bxf2  0-1

[Event "Lichtenrader Herbst 2013"]
[Site "Berlin GER"]
[Date "2013.10.02"]
[Round "5.8"]
[White "Stern,R"]
[Black "Krefenstein,Sergej"]
[Result "1-0"]
[WhiteElo "2509"]
[BlackElo "2105"]

1.d4 Nf6 2.c4 g6 3.Nc3 Bg7 4.e4 d6 5.Nf3 O-O 6.Be2 e5 7.O-O Nc6 8.d5 Ne7
9.Ne1 Nd7 10.f3 f5 11.g4 Kh8 12.Nd3 Ng8 13.Kh1 Bh6 14.Bxh6 Nxh6 15.exf5 gxf5
16.Qd2 Nf7 17.gxf5 Nf6 18.f4 e4 19.Nf2 Bxf5 20.Qd4 Qe7 21.Rae1 Nh6 22.Bd3 b6
23.Ncxe4 Bxe4+ 24.Nxe4 Nf5 25.Qc3 Ng7 26.Ng5 Qd7 27.Ne6 Rf7 28.Rg1 Rg8 29.Rg5 c6
30.Nxg7 Rgxg7 31.Bf5 Qd8 32.Be6 Rc7 33.dxc6 Rxc6 34.Bd5 Rcc7 35.Qxf6  1-0

[Event "Grand Open Blagoevgrad 2013"]
[Site "Blagoevgrad BUL"]
[Date "2013.10.02"]
[Round "7.3"]
[White "Drenchev,P"]
[Black "Saric,Iv"]
[Result "1/2-1/2"]
[WhiteElo "2488"]
[BlackElo "2627"]

1.d4 Nf6 2.c4 g6 3.Nc3 Bg7 4.e4 d6 5.Nf3 O-O 6.Be2 e5 7.O-O Nc6 8.d5 Ne7
9.b4 a5 10.bxa5 c5 11.a4 Rxa5 12.Bd2 Ra6 13.Rb1 Ne8 14.g3 f5 15.Ng5 Nc7 16.exf5 Nxf5
17.Nb5 h6 18.Ne4 Ne8 19.a5 Nf6 20.Bd3 Nxe4 21.Bxe4 Qe7 22.Qc2 b6 23.axb6 Rxb6
24.Qd3 Ba6 25.g4 Nh4 26.f3 Qf6 27.Nc7 Rxb1 28.Rxb1 Bc8 29.Rb8 Nf5 30.Nb5 Bd7
31.Rxf8+ Bxf8 32.Qa3 Nd4 33.Nxd4 exd4 34.Kg2 Kg7 35.Qa7 Qe7 36.Kg3 Bc8 37.Qxe7+ Bxe7
38.h4 g5 39.hxg5 hxg5 40.f4 gxf4+ 41.Bxf4 Bd7 42.Bc2 Be8 43.Kf3 Bd7 44.Bg3  1/2-1/2

[Event "23rd EYCC Open U18 2013"]
[Site "Budva MNE"]
[Date "2013.10.03"]
[Round "5.16"]
[White "Rindlisbacher,L"]
[Black "Maatman,Nick"]
[Result "1-0"]
[WhiteElo "2340"]
[BlackElo "2236"]

1.d4 Nf6 2.c4 g6 3.Nc3 Bg7 4.e4 d6 5.Nf3 O-O 6.Be2 e5 7.O-O Nc6 8.d5 Ne7
9.b4 a5 10.Ba3 b6 11.bxa5 Nh5 12.Re1 f5 13.Bb4 bxa5 14.Ba3 Nf4 15.h3 Nxe2+
16.Qxe2 Ba6 17.Ng5 Qd7 18.Ne6 Rfb8 19.Rab1 c6 20.Nxg7 Kxg7 21.dxc6 Nxc6 22.exf5 gxf5
23.f4 Rxb1 24.Rxb1 Qa7+ 25.Kh1 Qd4 26.Nb5 Qxf4 27.Rf1 Qe4 28.Qh5 Bxb5 29.Qg5+ Kh8
30.Qf6+ Kg8 31.cxb5 Nd4 32.Bxd6 Re8 33.Qg5+ Kh8 34.Be7 Rxe7 35.Qxe7 Kg8 36.Rc1  1-0

[Event "23rd EYCC Open U16 2013"]
[Site "Budva MNE"]
[Date "2013.10.05"]
[Round "6.13"]
[White "Grigorian,Sp"]
[Black "Kambrath,Y"]
[Result "1/2-1/2"]
[WhiteElo "2144"]
[BlackElo "2298"]

1.d4 Nf6 2.c4 g6 3.Nc3 Bg7 4.e4 d6 5.Nf3 O-O 6.Be2 e5 7.O-O Nc6 8.d5 Ne7
9.Ne1 Nd7 10.Nd3 f5 11.Bd2 Kh8 12.f4 exf4 13.Nxf4 Nf6 14.Bd3 Nxe4 15.Bxe4 fxe4
16.Nxe4 Bxb2 17.Ng5 Bd4+ 18.Kh1 Nf5 19.Nfe6 Bxe6 20.Nxe6 Qh4 21.Be1 Qe7 22.Nxf8 Rxf8
23.Rc1 Re8 24.Qf3 Qe2 25.Qxe2 Rxe2 26.Bc3 Bxc3 27.Rxc3 Rxa2 28.c5 Rb2 29.g4 Nh6
30.cxd6 cxd6  1/2-1/2

[Event "Frauenbundesliga 2013-14"]
[Site "Germany GER"]
[Date "2013.10.05"]
[Round "1.5"]
[White "Voss,C"]
[Black "Korenova,M"]
[Result "1/2-1/2"]
[WhiteElo "1911"]
[BlackElo "2231"]

1.d4 Nf6 2.c4 g6 3.Nc3 Bg7 4.e4 O-O 5.Nf3 d6 6.Be2 e5 7.O-O Nc6 8.d5 Ne7
9.Be3 Ng4 10.Bd2 f5 11.Ng5 Nf6 12.f3 c6 13.Be3 Kh8 14.Qb3 Bh6 15.Nf7+ Rxf7
16.Bxh6 c5 17.f4 Neg8 18.Bg5 h6 19.fxe5 hxg5 20.exf6 Qxf6 21.Rad1 Qe5 22.exf5 gxf5
23.Rd3 Rh7 24.g3 Nf6 25.Qd1 Bd7 26.Qd2 Ne4 27.Nxe4 fxe4 28.Rb3 Bh3 29.Rf2 Re8
30.Re3 Qd4 31.Qc3 Kg7 32.Bf1 Bxf1 33.Kxf1 Kg6 34.Rd2 Qf6+ 35.Rf2 Qd4 36.Kg1 Rf7
37.Rd2 Qxc3 38.Rxc3 e3 39.Re2 Rfe7 40.g4 Re4 41.h3 a6 42.a4 a5 43.b3 Kf6
44.Kg2 R8e7  1/2-1/2